Instituto Colombiano de Derecho Procesal

Detalles Bibliográficos
Formato: eBook
Lenguaje:español
Publicado: Colombia Instituto Colombiano de Derecho Procesal 2015
Materias:
Acceso en línea:Acceso restringido

MARC

LEADER 00000nam a22000007a 4500
005 20160419103132.0
007 cr|||| ||u|
008 160419s2015 ck r||os|||| 0||| 1spa d
035 |a 14114 
040 |a vLex 
090 |c 6006  |d 6006 
245 1 0 |a Instituto Colombiano de Derecho Procesal   |h [Recurso electrn̤ico] /  |c Instituto Colombiano de Derecho Procesal  
256 |a Servicio en ln̕ea  
260 |a Colombia  |b Instituto Colombiano de Derecho Procesal   |c 2015 
300 |a 1 recurso electrn̤ico 
310 |a Anual 
506 1 |a Contenido solo disponible en los productos indicados  |d vLex Global  |d vLex Global (Academic Edition, excluding Law Schools)  |d vLex Global (U.S. Academic Edition, Law Schools)  |d vLex Global (U.S. Academic Edition, excluding Law Schools)  |d vLex Global (Academic Edition, Law Schools) 
650 0 4 |a Derecho procesal  |z Colombia 
740 0 |a vLex libros (servicio en ln̕ea)  
856 4 0 |u http://vlex.com/source/revista-instituto-colombiano-derecho-procesal-14114  |z Acceso restringido  
942 |c BOOK 
999 0 |a Procedure Law  |b Colombia